Ausrüster der Bundesligisten - Statistiken

Allgemein
  • Dieses Quiz wurde 62 mal gespielt
  • Das Durchschnittsergebnis liegt bei 11 aus 18
Antwortstatistiken
Verein Ausrüster % Korrekt
Bayern München Adidas
100%
Eintracht Frankfurt Adidas
86%
SC Freiburg Nike
86%
Borussia Dortmund Puma
86%
Hamburger SV Adidas
80%
VfL Wolfsburg Nike
77%
RB Leipzig Puma
75%
1. FC Union Berlin Adidas
71%
Borussia Mönchengladbach Puma
71%
VfB Stuttgart Jako
55%
FC St. Pauli Puma
55%
Werder Bremen Hummel
54%
1. FSV Mainz 05 Jako
50%
1. FC Heidenheim Puma
50%
1. FC Köln Hummel
43%
Bayer 04 Leverkusen New Balance
39%
TSG Hoffenheim JOMA
27%
FC Augsburg Mizuno
16%
Keine übereinstimmenden Quizze gefunden
Verteilung der Resultate
Anzahl Personen mit jedem Resultat
Perzentil nach korrekt beantworteten Fragen
Ihre Resultats-Entwicklung
Sie haben dieses Quiz noch nicht gespielt